Exploring the Determinants of ESG Ratings: Country-level Analysis

Salvato in:
Dettagli Bibliografici
Autore principale: Makúch, Jozef, 1953-
Natura: Capitolo di libro
Lingua:inglese
Soggetti:
Tags: Aggiungi Tag
Nessun Tag, puoi essere il primo ad aggiungerne!!

MARC

LEADER 00000naa a2200000 4500
001 0305977
005 20250113082854.0
041 0 |a eng 
044 |a SK 
245 1 0 |a Exploring the Determinants of ESG Ratings: Country-level Analysis  |c Jozef Makúch 
500 |a Abstrakt 
610 2 0 |a ekonomika zelená 
610 2 0 |a ESG 
610 2 0 |a hodnotenie 
610 2 0 |a analýza regresná 
100 1 |a Makúch, Jozef, 1953-